000 01007cam a2200229 4500
001 ABS62380
008 000000n2000 000 0 eng u
035 _a(Sirsi) u106345
245 _aPublic houses valued disregarding alternative uses
260 _c2000
490 _aRating and Valuation Reporter
_v40(4) April 2000, 116-120(4)
520 _aCommentary on two Lands Tribunal decisions "Scottish and Newcastle Retail Ltd v Williams (VO)" and "Allied Domecq Retailing Ltd v Williams (VO)", in which two public houses were valued for rating disregarding their potential for shop and restaurant use because the works necessary for those uses were more than minor and because the ultimate use was not in the same category as public house use.
590 _aABS
650 _aRATING APPEALS
650 _aPUBLIC HOUSES
650 _aALTERNATIVE USES
650 _aDISREGARDS
650 _aREBUS SIC STANTIBUS
650 _aRATING VALUATION
690 _aRATING AND LOCAL TAXATION
942 _n0
999 _c63694
_d63694